Mystery Taylor Swift Song #118 - Statistics

General Stats
  • This quiz has been taken 224 times
  • The average score is 72 of 111
Answer Stats
Song % Correct
I
96%
the
96%
a
95%
"You
95%
you
95%
and
92%
in
92%
ever
91%
me
91%
my
90%
your
90%
Midnights
89%
to
89%
we
89%
(you're
89%
you're
89%
it
88%
On
88%
be
87%
that
87%
I'm
86%
is
86%
said
84%
(they
84%
they
84%
was
84%
for
83%
say
83%
"What
82%
All
81%
of
81%
from
80%
This
80%
can
78%
nothing
78%
time
78%
too
78%
Ooh
76%
with
76%
sweet
75%
wanted
75%
just
73%
up
73%
as
71%
'Cause
69%
should
69%
home
68%
way
68%
coming)
66%
coming
66%
last
65%
something)
65%
something
65%
end
64%
eye
64%
Sweet Nothing
64%
Does
62%
Down
62%
more"
61%
nothings
61%
out
61%
mind"
60%
kitchen
59%
myself
59%
spy
59%
(everyone's
58%
everyone's
58%
happens
58%
July
58%
little
58%
poem
58%
find
56%
wrote
56%
humming)
55%
humming
55%
picked
54%
running
54%
soft
54%
tired
53%
admit
52%
deep
52%
they're
52%
almost
51%
doing
51%
inside
51%
pocket
51%
tiny
51%
forgot
50%
pebble
49%
sometimes?
49%
voices
49%
firefly
48%
implore
48%
miss
48%
push
45%
other
43%
each
42%
shoving)
42%
shoving
42%
Wicklow
39%
Industry
38%
(outside
38%
outside
38%
soul
38%
talking
37%
smooth
35%
deconstructors
31%
disruptors
29%
glad
29%
handing
24%
hucksters
19%
No matching quizzes found
Score Distribution
Percent of People with Each Score
Percentile by Number Answered
Your Score History
You have not taken this quiz